000 00489nam a2200157 i 4500
001 62592
003 ES-MaACL
005 20230906164709.0
007 t|
008 031124s1970 sp ||||1| spa d
100 1 _aFernández González, Jesús.
_949831
245 1 3 _aLa pobreza en la espiritualidad agustiniana /
_cJesús Fernández González.
260 _aMadrid :
_bRevista agustiniana de espiritualidad,
_c1970.
300 _a149 p. ;
_c22 cm.
852 _aES-MaACL
_jC-45150
_bR.74349
999 _c62592
_d62592